000 00293nam a22001337a 4500
008 181004b xxu||||| |||| 00| 0 eng d
020 _a9781855064812
041 _aeng
080 _a941
100 _a16
101 _aHIS
245 _aThe Hunting of Leviathan
_cMintz,S.I
942 _2udc
_cBK
999 _c48861
_d48861